Obrigaė̳s das Empresas junto ̉Previdn̊cia Social

Detalles Bibliográficos
Autor principal: Belmonte, Ronaldo
Formato: eBook
Lenguaje:portugués
Publicado: San Pablo: LTR Editora, 1996
Materias:
Acceso en línea:Acceso restringido

MARC

LEADER 00000nam a22000007a 4500
005 20150813214822.0
007 cr|||| ||||
008 150813s1996 br |||||s|||| 00||0 por d
020 |a 85-7322-178-X 
035 |a 12826 
040 |a vLex 
090 |c 5542  |d 5542 
100 1 |a Belmonte, Ronaldo 
245 1 0 |a Obrigaė̳s das Empresas junto ̉Previdn̊cia Social  |h [Recurso electrn̤ico] /  |c Ronaldo Belmonte 
256 |a Servicio en ln̕ea 
260 |a San Pablo:  |b LTR Editora,  |c 1996 
300 |a 1 recurso electrn̤ico 
500 |a Os Estudiosos do Direito Previdencir̀io contam com mais esta obra de autoria do Professor Ronaldo Belmonte. O tema abordado denomina-se “Obrigaė̳s das Empresas junto a Previdn̊cia Social”. O autor descreve, com exatidô e objetividade, as obrigaė̳s que toda empresa deve atender junto ao sistema previdencir̀io. Preliminarmente, define-se Previdn̊cia Social, focalizando-se a parte histr̤ica e a conceituaȯ̂ de empresa, alm̌ de identificaȯ̂ de todos os segurados do sistema de proteȯ̂ social. Posteriormente, o estudo se reporta ao salr̀io-de-contribuiȯ̂ e ̉incidn̊cia da Contribuiȯ̂ Previdencir̀ia. Ponto importante deste livro sô as normas de arrecadaȯ̂ e recolhimento das contribuiė̳s previdencir̀ias, onde sô tratados temas da maior importńcia para os contribuintes, as obrigaė̳s principais e acessr̤ias, a responsabilidade solidr̀ia entre outras. Sô abordados ainda temas como matrc̕ula das empresas, prova de inexistn̊cia de db̌ito, proibiȯ̂ das empresas com db̌ito, restriė̳s, infraė̳s, crimes contra a Previdn̊cia Social, processo administrativo previdencir̀io e o seguro acidente do trabalho. Trata-se, portanto, de uma obra que vem enriquecer o Direito Previdencir̀io. Destinada ̉estudantes, advogados, contadores, pessoas que militam no setor de recursos humanos, juz̕es, promotores, procuradores, professores e demais profissionais que tenham envolvimento com o sistema previdencir̀io. 
506 1 |a Disponible solo en los productos indicados  |d vLex Global  |d vLex Global (Academic Edition, excluding Law Schools)  |d vLex Global (U.S. Academic Edition, Law Schools)  |d vLex Global (U.S. Academic Edition, excluding Law Schools)  |d vLex Global (Academic Edition, Law Schools) 
650 0 4 |a Derecho Mercantil y de la Empresa  |z Brasil 
650 0 4 |a Derecho Laboral y Seguridad Social  |z Brasil 
740 0 |a vLex Libros (Servicio en ln̕ea) 
856 4 0 |u http://vlex.com/source/obriga-es-das-empresas-junto-a-previd-ncia-social-12826  |z Acceso restringido 
942 |c BOOK 
999 0 |a Commercial Law and Business 
999 0 |a Labor and Social Security